I Wantson Jane austen

Saved in:
Bibliografiske detaljer
Hovedforfatter: Jane Austen
Format: Bog
Sprog:ukendt sprog
Udgivet: Newton Compton Editori
Tags: Tilføj Tag
Ingen Tags, Vær først til at tagge denne postø!

MARC

LEADER 00000nam a2200000Ia 4500
001 R-268
003 CODICE-MESSINA
005 20260212102449.0
008 260211s9999 xx 000 0 und d
040 |c importazione_messina 
100 |a Jane Austen 
245 0 |a I Wantson 
245 0 |b Jane austen 
260 |b Newton Compton Editori 
942 |2 ddc  |c BK 
952 |0 0  |1 0  |2 ddc  |4 0  |6 SCAFFALE_3_000000000000000__LETTERATURA  |7 0  |9 31089  |a ME  |b ME  |d 2026-02-11  |l 0  |o SCAFFALE 3 - LETTERATURA  |p R-268  |r 2026-02-11 23:52:19  |w 2026-02-11  |x [REVISIONARE]  |y BK 
999 |c 26751  |d 26751